<?xml version="1.0" encoding="UTF-8"?>
<record
    xmlns:xsi="http://www.w3.org/2001/XMLSchema-instance"
    xsi:schemaLocation="http://www.loc.gov/MARC21/slim http://www.loc.gov/standards/marcxml/schema/MARC21slim.xsd"
    xmlns="http://www.loc.gov/MARC21/slim">

  <leader>00371nam a22001217a 4500</leader>
  <datafield tag="999" ind1=" " ind2=" ">
    <subfield code="c">8458</subfield>
    <subfield code="d">8458</subfield>
  </datafield>
  <controlfield tag="008">200219b           ||||| |||| 00| 0 eng d</controlfield>
  <datafield tag="020" ind1=" " ind2=" ">
    <subfield code="a">9788131500583</subfield>
  </datafield>
  <datafield tag="082" ind1=" " ind2=" ">
    <subfield code="2">1st edition</subfield>
    <subfield code="a">621.395 YAD</subfield>
    <subfield code="b">1</subfield>
  </datafield>
  <datafield tag="100" ind1=" " ind2=" ">
    <subfield code="a">YARBRUUGH, John M</subfield>
    <subfield code="n">Paperback: 698 pages</subfield>
  </datafield>
  <datafield tag="245" ind1=" " ind2=" ">
    <subfield code="a">Digital Logic</subfield>
    <subfield code="b">Applications and design</subfield>
    <subfield code="h">English</subfield>
  </datafield>
  <datafield tag="250" ind1=" " ind2=" ">
    <subfield code="a">13th</subfield>
    <subfield code="b">2016</subfield>
  </datafield>
  <datafield tag="260" ind1=" " ind2=" ">
    <subfield code="a">New Delhi</subfield>
    <subfield code="b">Cengage Learning</subfield>
  </datafield>
  <datafield tag="952" ind1=" " ind2=" ">
    <subfield code="0">0</subfield>
    <subfield code="1">0</subfield>
    <subfield code="2">ddc</subfield>
    <subfield code="4">0</subfield>
    <subfield code="6">621.395 YAD</subfield>
    <subfield code="7">0</subfield>
    <subfield code="8">BTECHCSE</subfield>
    <subfield code="9">48898</subfield>
    <subfield code="a">PIET</subfield>
    <subfield code="b">PIET</subfield>
    <subfield code="d">2020-02-19</subfield>
    <subfield code="e">KIRTI PRAKASHAN NEW DELHI</subfield>
    <subfield code="f">IN Rupees</subfield>
    <subfield code="g">599.00</subfield>
    <subfield code="k">IN5960</subfield>
    <subfield code="l">0</subfield>
    <subfield code="o">621.395 YAD</subfield>
    <subfield code="p">31634</subfield>
    <subfield code="r">2020-02-19 00:00:00</subfield>
    <subfield code="t">1</subfield>
    <subfield code="v">419.30</subfield>
    <subfield code="w">2020-01-03</subfield>
    <subfield code="y">REF</subfield>
  </datafield>
</record>
